书目信息 |
| 题名: |
推理的迷宫
|
|
| 作者: | 庞德斯通 , 庞德斯通 著 ;李大强 译 | |
| 分册: | ||
| 出版信息: | 北京 北京理工大学出版社 2005 |
|
| 页数: | 331页 | |
| 开本: | 21cm | |
| 丛书名: | 盗火者译丛 | |
| 单 册: | ||
| 中图分类: | B812.23 | |
| 科图分类: | ||
| 主题词: | 推理--tui li | |
| 电子资源: | ||
| ISBN: | 7-5640-0459-2 | |
| 000 | 01121cam 2200289 450 | |
| 001 | CAL 012005090629 | |
| 005 | 20061124150600.43 | |
| 010 | @a7-5640-0459-2@dCNY 22.00 | |
| 099 | @aCAL 012005090629 | |
| 100 | @a20050601d2005 ekmy0chiy0121 ea | |
| 101 | 1 | @achi@ceng |
| 102 | @aCN@b110000 | |
| 200 | 1 | @a推理的迷宫@Atui li de mi gong@e悖论、谜题,及知识的脆弱性@d= Labyrinths of reason@eparadox,puzzles and the frailty of knowledge@f(美)庞德斯通著@F(mei)pang de si tong zhu@g李大强译@zeng |
| 210 | @a北京@c北京理工大学出版社@d2005 | |
| 215 | @a331页@c图@d21cm | |
| 225 | 2 | @a盗火者译丛@Adao huo zhe yi cong |
| 320 | @a有书目 (第328-331页) 和索引 | |
| 410 | 0 | @12001 @a盗火者译丛 |
| 500 | 10 | @aLabyrinths of reason : paradox,puzzles and the frailty of knowledge@mchinese |
| 517 | 1 | @a悖论、谜题,及知识的脆弱@Abei lun、 mi ti, ji zhi shi de cui ruo |
| 606 | 0 | @a推理@Atui li |
| 690 | @aB812.23@v4 | |
| 701 | 0 | @a庞德斯通@Apang de si tong@g(Poundstone, William)@4著 |
| 701 | 0 | @a庞德斯通@Apang de si tong@4著 |
| 702 | 0 | @a李大强@Ali da qiang@4译 |
| 801 | @aCN@c20061124 | |
| 905 | @apdsgxy@dB812.23@eP306 | |
| 推理的迷宫:悖论、谜题,及知识的脆弱性= Labyrinths of reason:paradox,puzzles and the frailty of knowledge/(美)庞德斯通著/李大强译.-北京:北京理工大学出版社,2005 |
| 331页:图;21cm.-(盗火者译丛) |
| ISBN 7-5640-0459-2:CNY 22.00 |
| ● |
| 相关链接 |
|
|
|
正题名:推理的迷宫
索取号:B812.23/P306
 
预约/预借
| 序号 | 登录号 | 条形码 | 馆藏地/架位号 | 状态 | 备注 |
| 1 | 615797 | 206157978 | 社科库509/509社科库 20排3列6层/ [索取号:B812.23/P306] | 在馆 |